| 000 | 01333cam a2200349 i 4500 | ||
|---|---|---|---|
| 001 | 17933119 | ||
| 003 | OSt | ||
| 005 | 20180116183107.0 | ||
| 008 | 131106s2015 nyua 001 0 eng | ||
| 010 | _a 2013043610 | ||
| 020 | _a9780077660772 (student edition : alk. paper) | ||
| 020 | _a0077660773 (student edition : alk. paper) | ||
| 020 | _a9780077660628 (instructor's edition : alk. paper) | ||
| 020 | _a0077660625 (instructor's edition : alk. paper) | ||
| 040 |
_aDLC _beng _cDLC _erda _dDLC |
||
| 042 | _apcc | ||
| 050 | 0 | 0 |
_aHB172.5 _b.M3743 2015 |
| 082 | 0 | 0 |
_a339 _223 |
| 100 | 1 | _aMcConnell, Campbell R. | |
| 245 | 1 | 0 |
_aMacroeconomics . _bprinciples, problems, and policies . _cCampbell R. McConnell, University of Nebraska, Stanley L. Brue, Pacific Lutheran University, Sean M. Flynn, Scripps College. |
| 250 | _aTwentieth Edition. | ||
| 260 |
_aNew York _bMcGraw Hill. _c2015. |
||
| 300 |
_axxxvii, 493 pages : _bcolor illustrations ; _c26 cm |
||
| 500 | _aPaper Cover. | ||
| 600 | _aMcConnell, Campbell R. | ||
| 650 | 0 | _aMacroeconomics. | |
| 700 | 1 |
_aBrue, Stanley L., _d1945- |
|
| 700 | 1 | _aFlynn, Sean Masaki. | |
| 906 |
_a7 _bcbc _corignew _d1 _eecip _f20 _gy-gencatlg |
||
| 942 |
_2ddc _cBK _k339 |
||
| 999 |
_c352094 _d352094 |
||